[Event "Ñóïåðôèíàë 65-ãî ×åìïèîíàòà Òþìåíñêîé îáëàñòè"]
[Site "ã.Òþìåíü"]
[Date "2010.12.22"]
[Round "6"]
[White "Êîâàë¸â Àíäðåé"]
[Black "Êîöóð Ïàâåë"]
[Result "1/2-1/2"]
[WhiteElo "2542"]
[BlackElo "2565"]
[Annotator ""]
[Source ""]
[Remark ""]

1.e4 c5 2.Nf3 d6 3.Bb5+ Bd7 4.Bxd7+ Qxd7 5.c4 Nc6 6.Nc3 Ne5 7.d3
Nxf3+ 8.Qxf3 g6 9.O-O Bg7 10.Be3 Rc8 11.Rad1 Nf6 12.h3 O-O 13.b3
Qd8 14.d4 Qa5 15.Na4 cxd4 16.Bxd4 Nd7 17.Bxg7 Kxg7 18.Qc3+ Qxc3
19.Nxc3 1/2-1/2

[Event "Ñóïåðôèíàë 65-ãî ×åìïèîíàòà Òþìåíñêîé îáëàñòè"]
[Site "ã.Òþìåíü"]
[Date "2010.12.22"]
[Round "6"]
[White "Êîïûëîâ Àëåêñàíäð À."]
[Black "Þôôà Äàíèèë"]
[Result "1-0"]
[WhiteElo "2459"]
[BlackElo "2275"]
[Annotator ""]
[Source ""]
[Remark ""]

1.d4 Nf6 2.Bg5 e6 3.e4 h6 4.Bxf6 Qxf6 5.Nc3 Bb4 6.Qd2 c5 7.a3
Bxc3 8.bxc3 cxd4 9.cxd4 O-O 10.f4 d6 11.Nf3 e5 12.fxe5 dxe5 13.dxe5
Qb6 14.Qd4 Qxd4 15.Nxd4 Re8 16.Bc4 Rxe5 17.O-O Re7 18.Rxf7 Rxf7
19.Rf1 Nd7 20.Bxf7+ Kh7 21.Bd5 Nf6 22.c4 Kg6 23.e5 Nxd5 24.cxd5
Bd7 25.e6 Ba4 26.e7 Rc8 27.Rf8 Rc5 28.Nc6 Rc1+ 29.Kf2 Rc2+ 30.Ke3 1-0

[Event "Ñóïåðôèíàë 65-ãî ×åìïèîíàòà Òþìåíñêîé îáëàñòè"]
[Site "ã.Òþìåíü"]
[Date "2010.12.22"]
[Round "6"]
[White "Ñåðãååâ Âåíèàìèí"]
[Black "Èñìàãàìáåòîâ Àíóàð"]
[Result "1/2-1/2"]
[WhiteElo "2411"]
[BlackElo "2510"]
[Annotator ""]
[Source ""]
[Remark ""]

1.d4 Nf6 2.c4 e6 3.Nf3 d5 4.e3 Be7 5.Nc3 O-O 6.Bd3 dxc4 7.Bxc4
a6 8.a4 c5 9.O-O Nc6 10.Qe2 cxd4 11.exd4 Nxd4 12.Nxd4 Qxd4 13.Rd1
Qh4 14.Be3 e5 15.Nd5 Ng4 16.Nxe7+ Qxe7 17.Bb6 Re8 18.Rac1 Be6
19.h3 Bxc4 20.Qxg4 Qf6 21.Rxc4 Qxb6 22.Rb4 Qc6 23.Qd7 Rab8 24.Qxc6
bxc6 25.Rxb8 Rxb8 26.Rd6 h5 27.Rxc6 Rxb2 28.Rxa6 Ra2 29.g3 f6
30.Ra7 Kh7 31.Kf1 Ra1+ 32.Kg2 Ra3 33.a5 Kh6 34.a6 Kg6 35.Kh2
Ra4 36.Kg2 Ra2 37.Kf3 Ra4 38.Kg2 h4 39.gxh4 Rxh4 40.Rb7 Ra4 41.a7
Ra3 42.Re7 Kh6 43.Kh2 g6 44.Kg2 Kg5 45.Rg7 f5 46.h4+ Kxh4 47.Rxg6
Rxa7 48.Kf3 Ra4 49.Rg8 Rf4+ 50.Ke3 Rg4 51.Rh8+ Kg5 52.Rg8+ Kf6
53.Rxg4 fxg4 54.f4 Kf5 55.fxe5 Kxe5 56.Kf2 Kf4 57.Kg2 g3 58.Kg1 1/2-1/2

[Event "Ñóïåðôèíàë 65-ãî ×åìïèîíàòà Òþìåíñêîé îáëàñòè"]
[Site "ã.Òþìåíü"]
[Date "2010.12.22"]
[Round "6"]
[White "Áðîäñêèé Ìèõàèë"]
[Black "Ìóñàêàåâ Ýìèëü"]
[Result "1-0"]
[WhiteElo "2549"]
[BlackElo "2318"]
[Annotator ""]
[Source ""]
[Remark ""]

1.d4 d5 2.c4 c6 3.Nc3 Nf6 4.Nf3 dxc4 5.a4 Bf5 6.Nh4 e6 7.Nxf5
exf5 8.e3 Bb4 9.Bxc4 O-O 10.O-O Nbd7 11.Qc2 Nb6 12.Bb3 Qd7 13.a5
Nbd5 14.Bd2 Bd6 15.Nxd5 cxd5 16.Rfc1 Qe6 17.h3 g6 18.a6 Rac8
19.Qd3 b6 20.Rc3 Rc7 21.Rac1 Rfc8 22.Qb5 h5 23.Qe2 Qe7 24.Be1
Rxc3 25.Rxc3 Rxc3 26.bxc3 f4 27.Bd2 fxe3 28.Qxe3 Qc7 29.f3 Qc8
30.Qd3 Kg7 31.Bg5 Qe6 32.Kf2 Ne8 33.c4 Bb4 34.Qe3 Qxe3+ 35.Kxe3
f6 36.Bh4 Bd6 37.c5 bxc5 38.Bxd5 g5 39.Bf2 cxd4+ 40.Kxd4 Kf8
41.Bc4 Ke7 42.Kd5 Bb8 43.Kc6 h4 44.Kb7 Be5 45.Bxa7 Nd6+ 46.Kc6
Nxc4 47.Bc5+ Ke6 48.a7 1-0

[Event "Ñóïåðôèíàë 65-ãî ×åìïèîíàòà Òþìåíñêîé îáëàñòè"]
[Site "ã.Òþìåíü"]
[Date "2010.12.22"]
[Round "6"]
[White "Ãàéñèí Åâãåíèé"]
[Black "Þæàêîâ Îëåã"]
[Result "1-0"]
[WhiteElo "2476"]
[BlackElo "2362"]
[Annotator ""]
[Source ""]
[Remark ""]

1.e4 e5 2.Nf3 Nc6 3.Bb5 a6 4.Ba4 Nf6 5.O-O Be7 6.Re1 b5 7.Bb3
d6 8.c3 O-O 9.h3 Na5 10.Bc2 c5 11.d4 Qc7 12.Nbd2 cxd4 13.cxd4
Bb7 14.d5 Rac8 15.Bd3 Nd7 16.Nf1 Nc5 17.Ng3 Nxd3 18.Qxd3 Qc2
19.Qxc2 Rxc2 20.Nf5 Re8 21.b3 Bc8 22.Nxe7+ Rxe7 23.Be3 Rb7 24.Rec1
Rbc7 25.Rxc2 Rxc2 26.Ne1 Rb2 27.Bb6 Nxb3 28.axb3 Kf8 29.Rc1 Bd7
30.Rc7 Ke7 31.Nc2 Rxb3 32.Ba5 Rb1+ 33.Kh2 Rb2 34.Nb4 Rxf2 35.Nc6+
Ke8 36.Nb8 Ra2 37.Bb4 1-0

[Event "Ñóïåðôèíàë 65-ãî ×åìïèîíàòà Òþìåíñêîé îáëàñòè"]
[Site "ã.Òþìåíü"]
[Date "2010.12.23"]
[Round "7"]
[White "Ìóñàêàåâ Ýìèëü"]
[Black "Ãàéñèí Åâãåíèé"]
[Result "1-0"]
[WhiteElo "2318"]
[BlackElo "2476"]
[Annotator ""]
[Source ""]
[Remark ""]

1.e4 c5 2.Ne2 Nc6 3.Nbc3 g6 4.d4 cxd4 5.Nxd4 Bg7 6.Nde2 Nf6 7.g3
b5 8.Bg2 Rb8 9.O-O O-O 10.Bg5 h6 11.Bf4 d6 12.h3 b4 13.Nd5 Nd7
14.c3 bxc3 15.Ndxc3 Ba6 16.Qd2 Qb6 17.Rac1 Nd4 18.b3 Nxe2+ 19.Nxe2
Ne5 20.Be3 Qb7 21.Bd4 Rbc8 22.Rfd1 Nd3 23.Bxg7 Nxc1 24.Qxh6 Nxe2+
25.Kh2 f6 26.Qxg6 1-0

[Event "Ñóïåðôèíàë 65-ãî ×åìïèîíàòà Òþìåíñêîé îáëàñòè"]
[Site "ã.Òþìåíü"]
[Date "2010.12.23"]
[Round "7"]
[White "Èñìàãàìáåòîâ Àíóàð"]
[Black "Áðîäñêèé Ìèõàèë"]
[Result "1/2-1/2"]
[WhiteElo "2510"]
[BlackElo "2549"]
[Annotator ""]
[Source ""]
[Remark ""]

1.e4 c5 2.Nf3 d6 3.d4 cxd4 4.Nxd4 Nf6 5.Nc3 a6 6.Bg5 Nbd7 7.Qe2
Qc7 8.O-O-O e6 9.f4 b5 10.f5 b4 11.fxe6 bxc3 12.exd7+ Bxd7 13.Qc4
cxb2+ 14.Kb1 Qxc4 15.Bxc4 Be7 16.Nf5 Bxf5 17.exf5 Ne4 18.Rde1
Nxg5 19.h4 Kd8 20.hxg5 Bxg5 21.Bxf7 Bf6 22.Bg6 h6 23.Re6 Kc7
24.Rd1 Rhd8 25.Re4 d5 26.Re3 Rab8 27.Bf7 Rb4 28.Red3 Rf4 29.Be6
Rf2 30.R1d2 Rxd2 31.Rxd2 Kc6 32.Rd3 Kc5 33.Ra3 Rd6 34.Bc8 Kb5 1/2-1/2

[Event "Ñóïåðôèíàë 65-ãî ×åìïèîíàòà Òþìåíñêîé îáëàñòè"]
[Site "ã.Òþìåíü"]
[Date "2010.12.23"]
[Round "7"]
[White "Þôôà Äàíèèë"]
[Black "Ñåðãååâ Âåíèàìèí"]
[Result "1-0"]
[WhiteElo "2275"]
[BlackElo "2411"]
[Annotator ""]
[Source ""]
[Remark ""]

1.e4 c5 2.Nf3 Nc6 3.Nc3 e5 4.Bc4 h6 5.d3 g6 6.Be3 d6 7.Qd2 Bg7
8.O-O-O a6 9.h4 Nf6 10.Nd5 Nxd5 11.Bxd5 Be6 12.h5 g5 13.Bxe6
fxe6 14.Kb1 Qe7 15.c3 d5 16.Qc2 d4 17.Bc1 dxc3 18.Qxc3 O-O 19.Be3
Nd4 20.Bxd4 exd4 21.Qe1 b5 22.e5 Qb7 23.Qe2 Rf4 24.Rc1 Qd5 25.Rhf1
Rc8 26.Qd2 Bxe5 27.Qa5 Rc6 28.Nxe5 Qxe5 29.Rfe1 Qd5 30.f3 c4
31.Qa3 Qf5 32.Ka1 Qf8 33.Qa5 Qc8 34.dxc4 bxc4 35.Qe5 d3 36.Red1
Qd7 37.Kb1 Qd4 38.Qb8+ Rf8 39.Qb4 Rfc8 40.Rc3 Rb6 41.Qa5 Rcb8
42.Rd2 Rb5 43.Qa3 Qe5 44.Rc1 a5 1-0

[Event "Ñóïåðôèíàë 65-ãî ×åìïèîíàòà Òþìåíñêîé îáëàñòè"]
[Site "ã.Òþìåíü"]
[Date "2010.12.23"]
[Round "7"]
[White "Êîöóð Ïàâåë"]
[Black "Êîïûëîâ Àëåêñàíäð À."]
[Result "1-0"]
[WhiteElo "2565"]
[BlackElo "2459"]
[Annotator ""]
[Source ""]
[Remark ""]

1.d4 Nf6 2.c4 e6 3.g3 d5 4.Nf3 Be7 5.Bg2 O-O 6.Qc2 c6 7.O-O Nbd7
8.b3 b6 9.Nbd2 Bb7 10.Rd1 Rc8 11.e4 c5 12.exd5 exd5 13.Qf5 g6
14.Qh3 dxc4 15.Nxc4 b5 16.Ne3 c4 17.bxc4 bxc4 18.d5 Ne4 19.Nd4
Nc3 20.Rd2 Ne5 21.Nc6 Bxc6 22.dxc6 Qa5 23.Bb2 Nb5 24.Bxe5 Qxd2
25.Rd1 Qb4 26.Nd5 Rcd8 27.c7 Rxd5 28.Bxd5 Qa4 29.Rc1 Qa6 30.Qh6 1-0

[Event "Ñóïåðôèíàë 65-ãî ×åìïèîíàòà Òþìåíñêîé îáëàñòè"]
[Site "ã.Òþìåíü"]
[Date "2010.12.23"]
[Round "7"]
[White "Ôàòõóòäèíîâ Ãàôèÿò"]
[Black "Êîâàë¸â Àíäðåé"]
[Result "1/2-1/2"]
[WhiteElo "2298"]
[BlackElo "2542"]
[Annotator ""]
[Source ""]
[Remark ""]

1.e4 c5 2.Nf3 e6 3.c3 d5 4.exd5 exd5 5.d4 Nc6 6.Bb5 Bd6 7.dxc5
Bxc5 8.O-O Nge7 9.Nbd2 O-O 10.Nb3 Bb6 11.h3 Qd6 12.Nbd4 Nxd4
13.Nxd4 Bc7 14.f4 Nf5 15.Nxf5 Bxf5 16.Be3 Qg6 17.Qxd5 a6 18.Bd7
Be4 19.Qg5 Bb6 20.Rae1 Bxe3+ 21.Rxe3 Qb6 22.f5 h6 23.Qf4 Bd5
24.Rf2 Rad8 25.f6 Qxf6 26.Qxf6 gxf6 27.Rg3+ Kh7 28.Bf5+ Kh8 29.Rg4
Rg8 30.Rh4 Kg7 31.Rg4+ Kh8 32.Rh4 Kg7 33.Rg4+ Kh8 34.Rh4 1/2-1/2

[Event "Ñóïåðôèíàë 65-ãî ×åìïèîíàòà Òþìåíñêîé îáëàñòè"]
[Site "ã.Òþìåíü"]
[Date "2010.12.24"]
[Round "8"]
[White "Êîïûëîâ Àëåêñàíäð À."]
[Black "Ôàòõóòäèíîâ Ãàôèÿò"]
[Result "1/2-1/2"]
[WhiteElo "2459"]
[BlackElo "2298"]
[Annotator ""]
[Source ""]
[Remark ""]

1.d4 d5 2.c4 c6 3.Nf3 Nf6 4.e3 g6 5.Bd3 Bg7 6.Nbd2 O-O 7.O-O
Nbd7 8.h3 Re8 9.b3 e5 10.dxe5 Nxe5 11.Nxe5 Rxe5 12.Bb2 Re8 13.Qc2
Be6 14.Rad1 Qe7 15.Bxf6 Qxf6 16.cxd5 cxd5 17.Nb1 Rac8 18.Qe2
d4 19.e4 Qf4 20.Qd2 Qh4 21.f4 Bd7 22.Kh2 g5 23.fxg5 Rc5 24.Qf2
Qxf2 25.Rxf2 Rxg5 26.Nd2 b5 27.Rc1 Rc8 28.Rxc8+ Bxc8 29.b4 Bb7
30.Nf3 Rg6 31.Rc2 Rc6 32.Rxc6 Bxc6 33.Kg3 Kf8 34.Kf4 Ke7 35.g4
h6 36.h4 Ke6 37.g5 a6 38.Bc2 Ke7 39.Ne5 hxg5+ 40.hxg5 Be8 41.Nd3
f6 42.gxf6+ Kxf6 43.e5+ Ke7 44.Nc5 Bh6+ 45.Kf5 Bd2 46.Nxa6 Bc3
47.Be4 Bf7 48.Bb1 Bg8 49.Kf4 Bd2+ 50.Kf3 Ke6 51.a4 Kxe5 52.a5
Kd6 53.Bd3 Kc6 54.Ke4 Bc3 55.Ke5 Kb7 56.Nc5+ Ka7 57.Ne6 Bxe6
58.Kxe6 1/2-1/2

[Event "Ñóïåðôèíàë 65-ãî ×åìïèîíàòà Òþìåíñêîé îáëàñòè"]
[Site "ã.Òþìåíü"]
[Date "2010.12.24"]
[Round "8"]
[White "Ñåðãååâ Âåíèàìèí"]
[Black "Êîöóð Ïàâåë"]
[Result "1-0"]
[WhiteElo "2411"]
[BlackElo "2565"]
[Annotator ""]
[Source ""]
[Remark ""]

1.d4 e6 2.c4 Nf6 3.Nf3 d5 4.Nc3 c6 5.e3 Nbd7 6.Qc2 Bd6 7.Bd3
O-O 8.O-O dxc4 9.Bxc4 a6 10.a4 c5 11.b3 Qc7 12.Ne4 Nxe4 13.Qxe4
b6 14.Bd3 f5 15.Qxe6+ Kh8 16.Qc4 Bb7 17.Bb2 Rae8 18.Rfe1 Be4
19.h3 Qd8 20.Kf1 Qa8 21.Bxe4 fxe4 22.Ng5 Re7 23.d5 Be5 24.Bxe5
Rxe5 25.Ne6 Rf7 26.Red1 Nf6 27.d6 Ra7 28.Nc7 Qd8 29.Ke2 h6 30.Qc3
Rf5 31.a5 b5 32.g4 b4 33.Qc4 Re5 34.Qf7 Nh7 35.Qf4 Rg5 36.Ne6
Qd7 37.Nxg5 Nxg5 38.Qf8+ Kh7 39.Qf5+ 1-0

[Event "Ñóïåðôèíàë 65-ãî ×åìïèîíàòà Òþìåíñêîé îáëàñòè"]
[Site "ã.Òþìåíü"]
[Date "2010.12.24"]
[Round "8"]
[White "Áðîäñêèé Ìèõàèë"]
[Black "Þôôà Äàíèèë"]
[Result "1-0"]
[WhiteElo "2549"]
[BlackElo "2275"]
[Annotator ""]
[Source ""]
[Remark ""]

1.d4 Nf6 2.c4 g6 3.Nc3 Bg7 4.e4 d6 5.Be2 O-O 6.Nf3 e5 7.d5 a5
8.Bg5 Na6 9.Nd2 Qe8 10.a3 Nd7 11.O-O h5 12.b4 f6 13.Be3 f5 14.f3
Kh7 15.c5 dxc5 16.bxa5 Rf6 17.Nc4 f4 18.Bf2 Bf8 19.Bh4 g5 20.Bxg5
Rg6 21.Bh4 Bd6 22.Nb5 Nf8 23.Rf2 Bd7 24.Nbxd6 cxd6 25.Rb1 Bb5
26.Qe1 Bxc4 27.Bxc4 Rg7 28.Rfb2 Qc8 29.Bf6 Rg6 30.Qh4 Kh6 31.Rxb7
Nb8 32.Bg7+ Rxg7 33.Qf6+ Rg6 34.Qh8+ Kg5 35.Rh7 1-0

[Event "Ñóïåðôèíàë 65-ãî ×åìïèîíàòà Òþìåíñêîé îáëàñòè"]
[Site "ã.Òþìåíü"]
[Date "2010.12.24"]
[Round "8"]
[White "Ãàéñèí Åâãåíèé"]
[Black "Èñìàãàìáåòîâ Àíóàð"]
[Result "0-1"]
[WhiteElo "2476"]
[BlackElo "2510"]
[Annotator ""]
[Source ""]
[Remark ""]

1.e4 e6 2.d4 d5 3.Nc3 Nf6 4.e5 Nfd7 5.f4 c5 6.Nf3 Nc6 7.Be3 Qb6
8.Na4 Qa5+ 9.c3 cxd4 10.b4 Nxb4 11.cxb4 Bxb4+ 12.Bd2 Bxd2+ 13.Nxd2
O-O 14.Bd3 b5 15.Nb2 Nb6 16.O-O Nc4 17.Nbxc4 bxc4 18.Bxh7+ Kxh7
19.Qh5+ Kg8 20.Nf3 g6 21.Qh6 Qc7 22.f5 exf5 23.Rae1 f6 24.exf6
Qh7 25.Qf4 Qf7 26.Re7 Qxf6 27.Rfe1 Rf7 28.Rxf7 Qxf7 29.Ng5 Qd7
30.Qxd4 Rb8 31.Qc5 Rb5 32.Qd4 Rb6 33.Re5 Bb7 34.Qe3 Bc6 35.Ne6
Rb1+ 36.Kf2 Rb2+ 37.Kg1 c3 38.Qc5 Rb8 39.Qxc3 Re8 40.Nc5 Qd6
41.Nd3 Rxe5 42.Nxe5 Bb7 43.Qd4 Qa6 0-1

[Event "Ñóïåðôèíàë 65-ãî ×åìïèîíàòà Òþìåíñêîé îáëàñòè"]
[Site "ã.Òþìåíü"]
[Date "2010.12.24"]
[Round "8"]
[White "Þæàêîâ Îëåã"]
[Black "Ìóñàêàåâ Ýìèëü"]
[Result "0-1"]
[WhiteElo "2362"]
[BlackElo "2318"]
[Annotator ""]
[Source ""]
[Remark ""]

1.e4 e5 2.Nf3 Nc6 3.Bb5 a6 4.Ba4 Nf6 5.O-O Be7 6.Re1 b5 7.Bb3
d6 8.c3 O-O 9.d4 Bg4 10.Bd5 Nxd5 11.exd5 Na5 12.dxe5 dxe5 13.Rxe5
Bf6 14.Re1 Nc4 15.h3 Bh5 16.b3 Ne5 17.g4 Nxf3+ 18.Qxf3 Re8 19.Rxe8+
Qxe8 20.gxh5 Qe1+ 21.Kg2 Qxc1 22.d6 Qg5+ 23.Kf1 Qc1+ 24.Kg2 c6
25.Qxc6 Rd8 26.a4 b4 27.Ra2 Qxb1 28.Re2 h6 29.cxb4 Qf5 30.Re8+
Kh7 31.Rxd8 Bxd8 32.Qxa6 Qxh5 33.Qc4 Qg5+ 34.Kf1 Qf5 35.Qc3 Bb6
36.Qg3 Qd5 37.a5 Ba7 38.Ke2 Qe4+ 39.Kd1 f5 40.Kc1 Qe1+ 41.Kc2
Qe2+ 42.Kc3 Qe1+ 43.Kc2 Qe4+ 44.Qd3 Qc6+ 45.Kb1 Qd7 46.b5 Bc5
47.b6 Bxf2 48.b7 Ba7 49.a6 Kh8 50.b4 f4 51.b5 f3 52.b6 Bb8 53.a7
Bxa7 54.bxa7 Qxb7+ 55.Kc2 Qxa7 56.d7 Qf2+ 57.Kc3 Qc5+ 58.Qc4
Qe3+ 59.Kc2 Qf2+ 60.Kd3 Qe2+ 61.Kd4 Qd2+ 62.Qd3 Qf4+ 63.Kd5 Qf8
64.Kc6 f2 65.Qf1 Qf6+ 66.Kb7 Qb2+ 67.Kc8 Qc3+ 68.Kb7 Qb4+ 69.Kc8
Qc5+ 70.Kb7 Qd6 71.Kc8 Qc6+ 72.Kd8 Qc5 73.Ke8 Qe5+ 74.Kf7 Qf6+
75.Ke8 Qe6+ 76.Kf8 Qxd7 77.Qxf2 Qxh3 78.Ke7 Qd3 79.Ke6 Kh7 80.Ke5
h5 81.Kf4 Kh6 82.Qb6+ Qg6 83.Qb8 Qf6+ 84.Kg3 h4+ 85.Kg2 Qg6+
86.Kh1 Qe4+ 87.Kh2 Qe2+ 88.Kh3 Qf3+ 89.Kh2 Qg3+ 0-1

[Event "Ñóïåðôèíàë 65-ãî ×åìïèîíàòà Òþìåíñêîé îáëàñòè"]
[Site "ã.Òþìåíü"]
[Date "2010.12.25"]
[Round "9"]
[White "Èñìàãàìáåòîâ Àíóàð"]
[Black "Þæàêîâ Îëåã"]
[Result "1-0"]
[WhiteElo "2510"]
[BlackElo "2362"]
[Annotator ""]
[Source ""]
[Remark ""]

1.e4 e6 2.d4 d5 3.Nd2 c5 4.exd5 Qxd5 5.Ngf3 cxd4 6.Bc4 Qd6 7.O-O
Nf6 8.Re1 Nc6 9.Ne4 Nxe4 10.Rxe4 e5 11.Nxe5 Nxe5 12.Bb5+ Ke7
13.f4 Be6 14.fxe5 Qd5 15.Bg5+ f6 16.exf6+ gxf6 17.Qe2 1-0

[Event "Ñóïåðôèíàë 65-ãî ×åìïèîíàòà Òþìåíñêîé îáëàñòè"]
[Site "ã.Òþìåíü"]
[Date "2010.12.25"]
[Round "9"]
[White "Þôôà Äàíèèë"]
[Black "Ãàéñèí Åâãåíèé"]
[Result "1-0"]
[WhiteElo "2275"]
[BlackElo "2476"]
[Annotator ""]
[Source ""]
[Remark ""]

1.d4 Nf6 2.c4 g6 3.Nc3 d5 4.cxd5 Nxd5 5.e4 Nxc3 6.bxc3 Bg7 7.Be3
c5 8.Nf3 Qa5 9.Qd2 O-O 10.Rc1 Rd8 11.d5 e6 12.Bg5 f6 13.Bf4 b6
14.Bc4 Kf8 15.Bc7 Rd7 16.Qf4 Ba6 17.Bd6+ Ke8 18.e5 Bxc4 19.Qxc4
Rxd6 20.exd6 e5 21.Qg4 f5 22.Qh4 1-0

[Event "Ñóïåðôèíàë 65-ãî ×åìïèîíàòà Òþìåíñêîé îáëàñòè"]
[Site "ã.Òþìåíü"]
[Date "2010.12.25"]
[Round "9"]
[White "Êîöóð Ïàâåë"]
[Black "Áðîäñêèé Ìèõàèë"]
[Result "1/2-1/2"]
[WhiteElo "2565"]
[BlackElo "2549"]
[Annotator ""]
[Source ""]
[Remark ""]

1.d4 Nf6 2.c4 e6 3.Nf3 b6 4.g3 Bb7 5.Bg2 Be7 6.O-O O-O 7.Nc3
Ne4 8.Nxe4 Bxe4 9.Ne1 Bxg2 10.Nxg2 d5 11.Qa4 dxc4 12.Qxc4 c5
13.Be3 1/2-1/2

[Event "Ñóïåðôèíàë 65-ãî ×åìïèîíàòà Òþìåíñêîé îáëàñòè"]
[Site "ã.Òþìåíü"]
[Date "2010.12.25"]
[Round "9"]
[White "Ôàòõóòäèíîâ Ãàôèÿò"]
[Black "Ñåðãååâ Âåíèàìèí"]
[Result "1/2-1/2"]
[WhiteElo "2298"]
[BlackElo "2411"]
[Annotator ""]
[Source ""]
[Remark ""]

1.e4 c5 2.Nf3 d6 3.c3 Nf6 4.g3 Nc6 5.d3 g6 6.Bg2 Bg7 7.O-O O-O
8.h3 e5 9.Be3 Re8 10.Nbd2 Nh5 11.Re1 h6 12.Nf1 Kh7 13.d4 b6 14.Qa4
Bd7 15.dxc5 dxc5 16.Qc2 Qc8 17.Kh2 Be6 18.Rad1 Qa6 19.b3 Rac8
20.Bc1 b5 21.Ne3 b4 22.c4 Nd4 23.Nxd4 cxd4 24.Nd5 Qd6 25.Qd2
Bxd5 26.exd5 f5 27.Bb2 a5 28.Re2 Bf6 29.Qe1 Ng7 30.Bf1 Ra8 31.Qd2
Bg5 32.Qc2 Rac8 33.Bg2 Bf6 34.Qd2 Nh5 35.Bf3 Ng7 36.Bg2 Nh5 37.Bf3
Bg5 38.Qe1 Ng7 39.Bg2 Bf6 40.Qd2 Nh5 41.Bf3 Ng7 42.Bg2 1/2-1/2

[Event "Ñóïåðôèíàë 65-ãî ×åìïèîíàòà Òþìåíñêîé îáëàñòè"]
[Site "ã.Òþìåíü"]
[Date "2010.12.25"]
[Round "9"]
[White "Êîâàë¸â Àíäðåé"]
[Black "Êîïûëîâ Àëåêñàíäð À."]
[Result "1-0"]
[WhiteElo "2542"]
[BlackElo "2459"]
[Annotator ""]
[Source ""]
[Remark ""]

1.e4 c5 2.Nf3 e6 3.Nc3 a6 4.d4 cxd4 5.Nxd4 Qc7 6.Bd3 Nf6 7.O-O
Bc5 8.Nb3 Be7 9.f4 d6 10.Qe2 Nbd7 11.a4 b6 12.Bd2 Bb7 13.Rae1
Nc5 14.Nxc5 Qxc5+ 15.Kh1 Nd7 16.Qg4 Bf6 17.Qh3 h6 18.Qg3 Qc7
19.Re2 h5 20.Qh3 Nc5 21.f5 Bxc3 22.Bxc3 e5 23.a5 b5 24.Bb4 f6
25.Qe3 O-O 26.Qh3 Qf7 27.Bxc5 dxc5 28.Re3 Rfd8 29.Be2 Rd2 30.b3
Rxe2 31.Rxe2 Rd8 32.Qc3 Qe7 33.Qf3 Qf7 34.h3 b4 35.Kh2 Bc6 36.Rff2
Rd4 37.c3 bxc3 38.Qxc3 c4 39.Rd2 Rxe4 40.Rd6 Qc7 41.Rfd2 h4 42.bxc4
Rf4 43.Qb4 Be4 44.Rd7 1-0

[Event "Ñóïåðôèíàë 65-ãî ×åìïèîíàòà Òþìåíñêîé îáëàñòè"]
[Site "ã.Òþìåíü"]
[Date "2010.12.25"]
[Round "10"]
[White "Ñåðãååâ Âåíèàìèí"]
[Black "Êîâàë¸â Àíäðåé"]
[Result "1/2-1/2"]
[WhiteElo "2411"]
[BlackElo "2542"]
[Annotator ""]
[Source ""]
[Remark ""]

1.d4 d6 2.Nf3 Nf6 3.c4 g6 4.Nc3 Bg7 5.e4 O-O 6.h3 Na6 7.Bg5 Qe8
8.Bd3 e5 9.O-O Nh5 10.Re1 exd4 11.Nb5 Bd7 12.Nbxd4 c5 13.Nb5
Bxb5 14.cxb5 Nc7 15.Qb3 Ne6 16.Be3 Qe7 1/2-1/2

[Event "Ñóïåðôèíàë 65-ãî ×åìïèîíàòà Òþìåíñêîé îáëàñòè"]
[Site "ã.Òþìåíü"]
[Date "2010.12.25"]
[Round "10"]
[White "Áðîäñêèé Ìèõàèë"]
[Black "Ôàòõóòäèíîâ Ãàôèÿò"]
[Result "1-0"]
[WhiteElo "2549"]
[BlackElo "2298"]
[Annotator ""]
[Source ""]
[Remark ""]

1.d4 d5 2.c4 c6 3.Nc3 Nf6 4.e3 g6 5.Nf3 Bg7 6.Be2 O-O 7.O-O Nbd7
8.b3 b6 9.Ba3 Bb7 10.Rc1 a6 11.Qc2 Re8 12.Rfd1 Rc8 13.Qb1 b5
14.Bb2 Qb6 15.Ne5 Nxe5 16.dxe5 Nd7 17.cxd5 Nxe5 18.Qa1 f6 19.dxc6
Bxc6 20.Nd5 Qb7 21.e4 Rcd8 22.Bxe5 Bxd5 23.exd5 fxe5 24.Bg4 Kh8
25.Be6 Rf8 26.Qc3 Rf6 27.Re1 Rdf8 28.Re2 Rd8 29.g3 Rff8 30.Qc7
Qxc7 31.Rxc7 Bf6 32.Kg2 Rd6 33.Kf3 Kg7 34.Ke4 Rfd8 35.Rec2 h5
36.Rb7 Ra8 37.Rc6 Kh6 38.Rbb6 Rdd8 39.a3 h4 40.Rxa6 Rxa6 41.Rxa6
Rb8 42.Bd7 Kg5 43.b4 Rh8 44.f4+ exf4 45.gxf4+ Kh5 46.Bxb5 g5
47.fxg5 Kxg5 48.h3 Rf8 49.Be2 Bb2 50.b5 Rf2 51.Ke3 Rg2 52.b6
Bc1+ 53.Kd3 Rg3+ 54.Kc2 Bf4 55.b7 1-0

[Event "Ñóïåðôèíàë 65-ãî ×åìïèîíàòà Òþìåíñêîé îáëàñòè"]
[Site "ã.Òþìåíü"]
[Date "2010.12.25"]
[Round "10"]
[White "Ãàéñèí Åâãåíèé"]
[Black "Êîöóð Ïàâåë"]
[Result "1-0"]
[WhiteElo "2476"]
[BlackElo "2565"]
[Annotator ""]
[Source ""]
[Remark ""]

1.e4 c5 2.Nf3 e6 3.d4 cxd4 4.Nxd4 a6 5.Nc3 Qc7 6.Bd3 d6 7.Be3
Nd7 8.Qd2 b5 9.O-O-O Bb7 10.Bxb5 axb5 11.Ndxb5 Qc6 12.Nxd6+ Bxd6
13.Qxd6 Ngf6 14.Qxc6 Bxc6 15.f3 Ke7 16.b3 h6 17.h4 Rhg8 18.Kb2
g5 19.hxg5 hxg5 20.g4 Ne8 21.Rh7 Nd6 22.a4 Ra5 23.Ka2 Ne5 24.Bb6
Ra6 25.Bc5 Bd7 26.Rh2 Rc8 27.Bb4 Rb6 28.Nb5 Bxb5 29.axb5 Rd8
30.c4 Nxf3 31.Rf2 Ne5 32.Rfd2 Nf3 33.Bc5 Nxd2 34.Rxd2 Rb7 35.e5
f5 36.Bxd6+ Kf7 37.Ka3 fxg4 38.Kb4 g3 39.c5 Rc8 40.b6 Rh8 41.Kb5
Rh2 42.Rd1 g2 43.Rg1 Kg6 44.c6 Rf7 45.b7 Rf1 46.Rxg2 1-0

[Event "Ñóïåðôèíàë 65-ãî ×åìïèîíàòà Òþìåíñêîé îáëàñòè"]
[Site "ã.Òþìåíü"]
[Date "2010.12.25"]
[Round "10"]
[White "Þæàêîâ Îëåã"]
[Black "Þôôà Äàíèèë"]
[Result "0-1"]
[WhiteElo "2362"]
[BlackElo "2275"]
[Annotator ""]
[Source ""]
[Remark ""]

1.d4 Nf6 2.c4 g6 3.Nc3 Bg7 4.e4 d6 5.f4 O-O 6.Nf3 Nbd7 7.e5 Ne8
8.c5 b6 9.Ng5 e6 10.Qf3 d5 11.Qh3 h6 12.Nxe6 fxe6 13.Qxe6+ Kh7
14.Qxd5 c6 15.Qxc6 Rb8 16.Bd3 Qh4+ 17.g3 Qg4 18.Nd5 Bb7 19.Qxg6+
Qxg6 20.Bxg6+ Kxg6 21.c6 Nc7 22.Nxc7 Bxc6 23.d5 Bb7 24.O-O Nxe5
25.fxe5 Bxe5 26.Bf4 Rxf4 0-1

[Event "Ñóïåðôèíàë 65-ãî ×åìïèîíàòà Òþìåíñêîé îáëàñòè"]
[Site "ã.Òþìåíü"]
[Date "2010.12.25"]
[Round "10"]
[White "Ìóñàêàåâ Ýìèëü"]
[Black "Èñìàãàìáåòîâ Àíóàð"]
[Result "0-1"]
[WhiteElo "2318"]
[BlackElo "2510"]
[Annotator ""]
[Source ""]
[Remark ""]

1.e4 e5 2.Nf3 Nc6 3.Bb5 Nf6 4.O-O Nxe4 5.d4 Nd6 6.Bxc6 dxc6 7.dxe5
Nf5 8.Qxd8+ Kxd8 9.Nc3 a5 10.h3 a4 11.a3 Ke8 12.Re1 h6 13.Bd2
Be6 14.Ne4 b6 15.g4 Ne7 16.Nd4 Bd5 17.Nf6+ gxf6 18.exf6 Kd7 19.fxe7
Bxe7 20.Nf5 Bf6 21.Bc3 Bxc3 22.Re7+ Kc8 23.bxc3 h5 24.g5 Ra5
25.f4 Rc5 26.Ne3 Be6 27.Rd1 Rd8 28.g6 Rg8 29.Kf2 Rxg6 30.Re8+
Kb7 31.c4 Rf6 32.Rd4 Re5 33.f5 Rexf5+ 34.Nxf5 Rxf5+ 35.Ke3 Rg5
36.Kf4 Rg2 37.Rh8 c5 38.Rd3 Rxc2 39.Rxh5 Rxc4+ 40.Ke3 b5 41.h4
Kc6 42.Rh8 Rg4 43.h5 Rh4 44.h6 b4 45.axb4 cxb4 46.Rd4 Rh3+ 47.Kd2
Kc5 48.Re4 a3 49.Re5+ Kc6 50.h7 a2 51.Ra5 b3 52.Ra6+ Kd7 53.Raa8
b2 54.Rhd8+ Ke7 55.Re8+ Kf6 0-1

[Event "Ñóïåðôèíàë 65-ãî ×åìïèîíàòà Òþìåíñêîé îáëàñòè"]
[Site "ã.Òþìåíü"]
[Date "2010.12.26"]
[Round "11"]
[White "Þôôà Äàíèèë"]
[Black "Ìóñàêàåâ Ýìèëü"]
[Result "0-1"]
[WhiteElo "2275"]
[BlackElo "2318"]
[Annotator ""]
[Source ""]
[Remark ""]

1.c4 Nf6 2.Nc3 e5 3.Nf3 Nc6 4.d3 d5 5.cxd5 Nxd5 6.e4 Nb6 7.Be2
Be7 8.O-O O-O 9.a4 Be6 10.Be3 Nd7 11.Qb1 Nc5 12.a5 f6 13.Rd1
Nb3 14.Ra4 Ncd4 15.Bxd4 Nxd4 16.Nxd4 exd4 17.Nd5 Bd6 18.Qc2 c6
19.Nb4 f5 20.e5 Bxe5 21.a6 b5 22.Raa1 Rc8 23.Bf3 Qh4 24.g3 Qf6
25.Qe2 f4 26.g4 Bd6 27.Re1 Bd7 28.Nc2 Rce8 29.Qf1 c5 30.Na3 Qg6
31.h3 h5 32.Qg2 Qxd3 33.gxh5 Kh8 34.Kh1 Qf5 35.Rg1 Re7 36.Rae1
Qf6 37.Rxe7 Bxe7 38.Re1 Bd6 39.Bg4 f3 40.Qg1 Bc6 41.Re6 Qg5 42.h4
Rf6 43.Rxf6 Qxf6 0-1

[Event "Ñóïåðôèíàë 65-ãî ×åìïèîíàòà Òþìåíñêîé îáëàñòè"]
[Site "ã.Òþìåíü"]
[Date "2010.12.26"]
[Round "11"]
[White "Êîöóð Ïàâåë"]
[Black "Þæàêîâ Îëåã"]
[Result "1-0"]
[WhiteElo "2565"]
[BlackElo "2362"]
[Annotator ""]
[Source ""]
[Remark ""]

1.d4 d5 2.Nf3 Nf6 3.c4 e6 4.g3 dxc4 5.Bg2 Nc6 6.Qa4 Bb4+ 7.Bd2
Nd5 8.Qb5 Bxd2+ 9.Nbxd2 c3 10.bxc3 Nxc3 11.Qd3 Nd5 12.O-O O-O
13.e4 Nde7 14.Rac1 e5 15.d5 f5 16.Qc4 Na5 17.Qc3 c6 18.d6 Ng6
19.Rfd1 Rf6 20.Nb3 Nxb3 21.Qxb3+ Be6 22.Qxb7 fxe4 23.Ng5 Rb8
24.Qxc6 Bxa2 25.Bxe4 Rb6 26.Bd5+ Kh8 27.Qc8 1-0

[Event "Ñóïåðôèíàë 65-ãî ×åìïèîíàòà Òþìåíñêîé îáëàñòè"]
[Site "ã.Òþìåíü"]
[Date "2010.12.26"]
[Round "11"]
[White "Ôàòõóòäèíîâ Ãàôèÿò"]
[Black "Ãàéñèí Åâãåíèé"]
[Result "1-0"]
[WhiteElo "2298"]
[BlackElo "2476"]
[Annotator ""]
[Source ""]
[Remark ""]

1.e4 c5 2.Nf3 Nc6 3.Bb5 g6 4.O-O Bg7 5.c3 Nf6 6.Re1 O-O 7.h3
Qb6 8.Na3 d6 9.d4 cxd4 10.cxd4 d5 11.Bxc6 Qxc6 12.e5 Ne4 13.Nd2
Qb6 14.Nxe4 dxe4 15.Rxe4 Bf5 16.Re2 Rfd8 17.Be3 Rac8 18.Rc1 Qa6
19.Rd2 Qa5 20.Rxc8 Rxc8 21.Qb3 Be4 22.Nb5 Rc1+ 23.Kh2 Qa6 24.f3
Bc6 25.Nc3 e6 26.Rd1 Rxd1 27.Qxd1 f6 28.Bf4 Kf7 29.Qd2 Qc4 30.exf6
Bxf6 31.Be5 Bxe5+ 32.dxe5 Qh4 33.Qe3 g5 34.a3 Kg6 35.Ne2 Qc4
36.Nd4 Bd5 37.h4 h6 38.Qd2 Qf1 39.Qc2+ Kg7 40.Qc7+ Kg8 41.Qd8+
Kf7 42.hxg5 Qf2 43.g6+ 1-0

[Event "Ñóïåðôèíàë 65-ãî ×åìïèîíàòà Òþìåíñêîé îáëàñòè"]
[Site "ã.Òþìåíü"]
[Date "2010.12.26"]
[Round "11"]
[White "Êîâàë¸â Àíäðåé"]
[Black "Áðîäñêèé Ìèõàèë"]
[Result "1/2-1/2"]
[WhiteElo "2542"]
[BlackElo "2549"]
[Annotator ""]
[Source ""]
[Remark ""]

1.e4 c5 2.Nf3 d6 3.d4 cxd4 4.Nxd4 Nf6 5.Nc3 a6 6.Be2 e5 7.Nb3
Be7 8.O-O O-O 9.Kh1 Nc6 10.a4 Be6 11.f4 exf4 12.Bxf4 d5 13.e5
Ne4 14.Bd3 f5 15.exf6 Bxf6 16.Nxe4 dxe4 17.Bxe4 Qxd1 18.Raxd1
Bxb2 19.g3 Rae8 20.Nc5 Bc4 21.Rfe1 Bc3 22.Bd2 Bd4 23.Be3 Bc3
24.Bd2 Bd4 25.Be3 Bc3 26.Bd2 1/2-1/2